000 00982nam a2200289Ia 4500
001 Z_4708
003 CHAP
008 220113s2=00 xx 000 0 und d
010 _a163636
040 _cCHAP
090 _aTesis A 1680
100 _aAstudillo Medina, Juan José
_98206
245 _aCaracterización técnico económica de la ganadería bovina en el municipio de Huejutla de Reyes, Hidalgo /
_cpor Juan José Astudillo Medina y Cristo Iván Rodríguez Ramírez
260 _aChapingo, Méx. :
_bEl autor,
_c2002
300 _a54 h. + anexos
502 _aTesis (Ing. Agr. Esp. en Zootecnia) -- UACH. Departamento de Zootecnia
650 _aGanado vacuno
_xCostos de producción
_945449
650 _aGanado vacuno
_xAspectos económicos
_945436
650 _aGanado vacuno
_xHidalgo
_945473
700 _aRodríguez Ramírez, Cristo Iván
_998811
901 _aTESIS A 1680
902 _aM
910 _a2=00
942 _c2
942 _c2
999 _c163636
_d163636